00950ntm a22002297a 450000500170000000800410001704000280005808200170008610000370010324501060014026000100024630000400025650001820029659000110047865000390048965300230052865500090055170000340056094200080059499900170060295201010061920170810123003.0170802s2011 xx a frb 000 0 eng d aEG-ScBUEbengcEG-ScBUE04222a624bMOB1 aMobasher, Mustafa Emad Abdullah.12aA new Boundary Element Formulation For Transit Dynamic Analysis /cby Mustafa emad abdullah mobasher. c2011. axi, 216 p. :bill. (col.) ;c28 cm. aA dissertation submitted to the faculty of engineering, the British university in Egypt, in partial Fulfillment of the requirements For the bachelor degree in civil engineering. akarima 72BUEshaCivil EngineeringvProjects bENGCIVcAugust2017 vSPRO1 aRashed, Youssef,eThs.934670 2ddc c25113d25085 00102ddc4070aMAINbMAINc2NDd2017-08-06l0o624 mobp000046299r2025-07-15 00:00:00yPROJST